Online Catalogue and eLibrary

The anguish of 83 : (Record no. 1267)

MARC details
000 -LEADER
fixed length control field 00264nam a2200097Ia 4500
008 - FIXED-LENGTH DATA ELEMENTS--GENERAL INFORMATION
fixed length control field 240331s9999 xx 000 0 und d
082 ## - DDC Classification
Class No. 303.6
Item Number - Author Mark SUR
100 ## - MAIN ENTRY--PERSONAL NAME
Personal name Suriyakumaran, C.
245 #4 - TITLE STATEMENT
Title The anguish of 83 :
Remainder of title Sri Lanka's ethnic crisis and the way out
942 ## - Koha item type (Biblio)
Koha item type Books in Stacks (Lending)
Holdings
Lost status Damaged status Collection code Home library Current library Shelving location Date acquired Full call number Accession Number Item type
    Lending WERC Library WERC Library Social Science Cupboard 03/31/2024 303.6 SUR 947 Books in Stacks (Lending)

© WERC Library